000 00508nam a2200193 a 4500
005 20140310183511.0
008 101014s19uu xx 00 eng d
020 _a9780745646053
050 _aP 120.S48
_b.T35 2010
100 _aTalbot, Mary
245 _aLanguage and Gender /
_cTalbot, Mary
250 _a2nd
260 _aUK :
_bPolity Press,
_c2010.
300 _a273 p. :
_c24 cm.
521 _aEDU
650 _aLanguage and languages-sex differences
942 _cBK
_2lcc
_kFOR
999 _c24180
_d24180